| 000 | 00552nam a22001697a 4500 | ||
|---|---|---|---|
| 999 |
_c8733 _d8733 |
||
| 008 | 201211b ||||| |||| 00| 0 eng d | ||
| 040 | _aBMS College of Architecture | ||
| 100 | _aAhmad, Osama Aijaz | ||
| 245 | _aKarnataka exhibition and convention centre (KECC) | ||
| 300 | _aiv,47p. | ||
| 500 | _a1BM11AT042 | ||
| 502 |
_8B,Arch _NBMS College of Architecture, Visvesvaraya Technological University (VTU) _aProject report _d2015 |
||
| 650 | _aConvention centre | ||
| 700 |
_aRiju C Thomas _eGuide |
||
| 700 |
_aP S Mamatha _eGuide |
||
| 942 |
_2ddc _cTHE |
||